000 01122nam a2200289 i 4500
003 EG-GICUC
005 20260128153106.0
008 260128s1968 ua ||||fr|||| 00| 0 ara d
040 _a EG-GICUC
_bara
_c EG-GICUC
_d EG-GICUC
_erda
041 _aara
082 0 4 _221
_a343.415
_bم ح . ق
092 0 4 _221
099 _aLaw1 10 343.415 م ح . ق1968
100 0 _aمحمد كمال عبدالعزيز
_eمؤلف.
245 1 0 _aقانون الكسب غير المشروع :
_bأصوله النظرية وتطبيقاته العملية /
_cتأليف محمد كمال عبدالعزيز.
264 1 _aالقاهرة :
_bعالم الكتب،
_c1968.
300 _a213 صفحة ;
_c24 سم.
336 _2rda content
_atext
337 _2rda media
_aComputer
338 _2rda carrier
_aOnline Resource
504 _aيشتمل على إرجاعات ببليوجرافية.
650 1 _aالقانون الجنائي
650 1 _aقانون العقوبات شأن الكسب غير المشروع
856 4 0 _uhttps://fll.law.cu.edu.eg/fulltext/bks/B10-05273.pdf
905 _a43
942 _2ddc
_n0
_cBK
_e21
999 _c59975
_d59975